Mechanics / (Record no. 9497)

MARC details
000 -LEADER
fixed length control field 00601 a2200193 4500
010 ## - LIBRARY OF CONGRESS CONTROL NUMBER
LC control number ENG-88933
020 ## - INTERNATIONAL STANDARD BOOK NUMBER
Terms of availability 275.00
035 ## - SYSTEM CONTROL NUMBER
System control number EN-72466
037 ## - SOURCE OF ACQUISITION
Source of stock number/acquisition DBAD / PUB
082 14 - DEWEY DECIMAL CLASSIFICATION NUMBER
Classification number 531
090 ## - LOCALLY ASSIGNED LC-TYPE CALL NUMBER (OCLC); LOCAL CALL NUMBER (OCLC)
-- 9673
-- 9673
100 1# - MAIN ENTRY--PERSONAL NAME
Personal name Gupta, D.C.
245 1# - TITLE STATEMENT
Title Mechanics /
Statement of responsibility, etc by D C Gupta
260 ## - PUBLICATION, DISTRIBUTION, ETC. (IMPRINT)
Place of publication, distribution, etc New Delhi
Name of publisher, distributor, etc Disha Publications
Date of publication, distribution, etc 2008
270 ## - ADDRESS
Address B-32, Basemant, Shivalik Main Road, Malviya Nagar,
State or province New Delhi
Postal code 110 017
300 ## - PHYSICAL DESCRIPTION
Extent v.1(616p).;
Dimensions 25 cm (pbk)
942 ## - ADDED ENTRY ELEMENTS (KOHA)
Institution code [OBSOLETE] dpl
Koha item type English Books
Call number prefix 531 / GUP
Holdings
Withdrawn status Lost status Source of classification or shelving scheme Damaged status Not for loan Collection code Home library Current library Source of acquisition Cost, normal purchase price Total Checkouts Full call number Barcode Date last seen Copy number Uniform Resource Identifier Cost, replacement price Price effective from Koha item type
    Dewey Decimal Classification   Not For Loan Non-fiction D.B.Act.Division D.B.Act.Division DBAD/PUB 275.00   531 GUP EN-72466 15/09/2008 1 10483 275.00 15/09/2008 English Books

© Delhi Public Library
Hit Counter
free hit counter